Steve jobs (Record no. 10714)

000 -LEADER
fixed length control field 00381 a2200145 4500
020 ## - INTERNATIONAL STANDARD BOOK NUMBER
International Standard Book Number 9781451648539
082 ## - DEWEY DECIMAL CLASSIFICATION NUMBER
Classification number 621.39092
100 ## - MAIN ENTRY--PERSONAL NAME
Personal name Isaacson Walter
245 ## - TITLE STATEMENT
Title Steve jobs
Statement of responsibility, etc. Isaacson Walter
260 ## - PUBLICATION, DISTRIBUTION, ETC.
Place of publication, distribution, etc. New York
Name of publisher, distributor, etc. Simon & Schuster
Date of publication, distribution, etc. 2011
300 ## - PHYSICAL DESCRIPTION
Extent 630 p.
650 ## - SUBJECT ADDED ENTRY--TOPICAL TERM
Topical term or geographic name entry element Computer engineers-United State-Biography
700 ## - ADDED ENTRY--PERSONAL NAME
Personal name Walter Isaacson
942 ## - ADDED ENTRY ELEMENTS (KOHA)
Koha item type Book
Call number prefix 621.39092 ISA
Holdings
Withdrawn status Lost status Damaged status Not for loan Collection code Permanent Location Current Location Shelving location Date acquired Source of acquisition Cost, normal purchase price Total Checkouts Total Renewals Full call number Barcode Checked out Date last seen Date last checked out Price effective from Koha item type
          Central Library (CL) Central Library (CL) General Stacks 02/10/2012 Progressive International Agencies 3271.91 4 5 621.39092 ISA SEECS010880 12/19/2025 09/09/2025 09/09/2025 01/05/2017 Book
          Central Library (CL) Central Library (CL) General Stacks 11/12/2012 Allied Book Company 2722.61 8 2 621.39092 ISA SEECS011686 10/06/2025 10/06/2025 10/06/2025 01/05/2017 Book
© 2023 Central Library, National University of Sciences and Technology. All Rights Reserved.